00920nam a2200301 i 4500001000300000003000400003005001700007008003900024015001700063020001500080040001400095041000800109080001400117080000800131080000800139080000900147100004200156245006000198260003300258300007000291504002500361650003900386650002800425650001800453655001700471710003200488856009800520bgBPK20210825145125.0000225s1999 pl a f f |001 0 pol aPB 2000/7760 a8321341179 aWA NcBPK0 apol a699.8:728 a579 a504 a(07)1 aZyska, Bronisławd(1924-2006)eAutor10aZagrożenia biologiczne w budynku /cBronisław Zyska. aWarszawa :b"Arkady",c1999. a250, [2] s., [16] s. tabl. (gł. kolor.) :bil., 2 mapy ;c25 cm. aBibliogr. - Indeksy. 4aBudownictwo mieszkaniowexhigiena. 4aDegradacja środowiska 4aMikrobiologia 4aPodręcznik2 aWydawnictwo "Arkady".4pbl.41uhttp://koha.tu.koszalin.pl/cgi-bin/koha/opac-detail.pl?biblionumber=36873yKatalog online BPK